[Event "4th London Classic Open"]
[Site "London ENG"]
[Date "2012.12.02"]
[Round "2"]
[White "Sarakauskas,G"]
[Black "Williamson,R"]
[Result "1-0"]
[WhiteElo "2408"]
[BlackElo "2177"]

1.Nf3 d5 2.g3 e6 3.Bg2 c5 4.O-O Nf6 5.d4 Nc6 6.c4 Be7 7.dxc5 Bxc5 8.a3 dxc4
9.Qxd8+ Kxd8 10.Nbd2 c3 11.bxc3 Na5 12.c4 Ke7 13.Bb2 Rd8 14.Bc3 Nc6 15.Nb3 Bb6
16.Ne5 Bd7 17.Nxc6+ Bxc6 18.Bxc6 bxc6 19.c5 Bc7 20.Nd4 Rd5 21.Nxc6+ Kd7 22.Nb4 Rxc5
23.Rfd1+ Ke8 24.Bxf6 gxf6 25.Na6 Rc6 26.Rac1 Rxc1 27.Rxc1 Bb6 28.Nc7+ Bxc7
29.Rxc7 Kf8 30.a4 a5 31.Rc5 f5 32.h3 Kg7 33.g4 fxg4 34.hxg4 Kg6 35.Kg2 f6
36.f4 Ra6 37.Kf3 f5 38.g5 h6 39.gxh6 Kxh6 40.e3 Kh5 41.Re5 Kg6 42.Ke2 Kf6
43.Kd3 Rb6 44.Rxa5 Rb3+ 45.Kd4 Rb4+ 46.Kc3 Re4 47.Kd3 Rb4 48.Ra8 Ke7 49.a5 Ra4
50.a6 Kd6 51.a7  1-0

[Event "TCh-HUN 2012-13"]
[Site "Paks HUN"]
[Date "2012.12.02"]
[Round "5"]
[White "Szalai,K"]
[Black "Acs,Peter"]
[Result "0-1"]
[WhiteElo "2407"]
[BlackElo "2586"]

1.Nf3 d5 2.g3 Nf6 3.Bg2 c6 4.O-O Bg4 5.Ne5 Bh5 6.d4 Nbd7 7.c4 e6 8.Nc3 Be7
9.Nxd7 Qxd7 10.cxd5 exd5 11.Bg5 O-O 12.Qd2 Rae8 13.Rfc1 Qf5 14.Bxf6 Qxf6
15.Na4 Bd6 16.e3 Bf3 17.Nc5 Re7 18.Rc3 Bxg2 19.Kxg2 h5 20.h4 Qg6 21.Qc2 f5
22.a3 Bxc5 23.Rxc5 Re4 24.Kh2 Qf6 25.Rc3 g5 26.f3 Re6 27.hxg5 Qxg5 28.Qf2 Rf7
29.Rg1 Rfe7 30.Re1 Rg7 31.Rg1 Qe7 32.Rg2 Reg6 33.Rc1 Qd6 34.Kh3 Qe6 35.Kh2 h4
36.g4 fxg4 37.fxg4 Rf7 38.Qe2 Rgf6 39.g5 Rf3 40.g6 R7f6 41.e4 h3 42.exd5 Qd6+  0-1

[Event "TCh-AUT 2 West 2012-13"]
[Site "Rum AUT"]
[Date "2012.12.02"]
[Round "6.3"]
[White "Juergens,Kl"]
[Black "Dobosz,H"]
[Result "0-1"]
[WhiteElo "2165"]
[BlackElo "2385"]

1.Nf3 d5 2.g3 Bg4 3.Bg2 Nd7 4.c4 e6 5.cxd5 exd5 6.Qa4 Nf6 7.Ne5 Be6 8.d4 c6
9.Nd3 Bf5 10.O-O Bd6 11.Bf4 Bxd3 12.Bxd6 Bxb1 13.Raxb1 Nb6 14.Qb4 a5 15.Qc5 Nc4  0-1

[Event "22nd TCh-SLO 2012"]
[Site "Slovenia SLO"]
[Date "2012.12.02"]
[Round "6"]
[White "Ribli,Z"]
[Black "Zupe,M"]
[Result "1-0"]
[WhiteElo "2554"]
[BlackElo "2323"]

1.Nf3 d5 2.g3 c6 3.Bg2 Nf6 4.c4 e6 5.O-O Bd6 6.d4 O-O 7.Nc3 Nbd7 8.b3 Qe7
9.Qc2 h6 10.Bb2 Ba3 11.Bxa3 Qxa3 12.e4 dxe4 13.Nxe4 Nxe4 14.Qxe4 a5 15.Rfd1 Nf6
16.Qe1 Bd7 17.Ne5 Rfd8 18.h3 Be8 19.Kh2 Qb4 20.Qe3 a4 21.Nd3 Qb6 22.c5 Qc7
23.b4 Nd5 24.Qe1 Ne7 25.Nb2 b5 26.cxb6 Qxb6 27.Nc4 Qa7 28.Qe5 Nf5 29.Qc5 Nxd4
30.Nd6 Qxc5 31.bxc5 e5 32.Rxd4 exd4 33.Nxe8 Rxe8 34.Bxc6 Kf8 35.Kg2 Rac8
36.Bxe8 Kxe8 37.Re1+ Kd7 38.Rd1 Kc6 39.Rxd4 Ra8 40.Rd6+ Kc7 41.h4 Ra5 42.Rd4 Rxc5
43.Rg4 g6 44.Rf4 Kd7 45.Rxf7+ Ke6 46.Rf4 Ra5 47.a3 h5 48.Kf3 Ke5 49.Ke3 Ra6
50.Kd3 Kd5 51.Kc3 Kc5 52.Re4 Kd5 53.f3 Rf6 54.Rd4+ Ke5 55.f4+ Kf5 56.Rd5+ Ke4
57.Re5+ Kf3 58.Rg5 Rb6 59.Kd4 Kf2 60.Kc5 Rb3 61.Rxg6 Rxa3 62.Kb4 Ra1 63.f5 Kg2
64.f6 Kh3 65.f7 Rf1 66.Rg7 Rxf7 67.Rxf7 Kxg3 68.Kc3 Kxh4 69.Kd2 Kh3 70.Ke2 a3
71.Kf1  1-0

[Event "Vietnam National Masters Men 2012"]
[Site "Ho Chi Minh City VIE"]
[Date "2012.12.03"]
[Round "7.10"]
[White "Doan Van Duc"]
[Black "Duong,Thu"]
[Result "1-0"]
[WhiteElo "2116"]
[BlackElo "2018"]

1.Nf3 d5 2.g3 c6 3.Bg2 g6 4.d4 Bg7 5.O-O Nf6 6.Ne5 O-O 7.c4 Nbd7 8.Nc3 Ne4
9.Nxd7 Nxc3 10.bxc3 Qxd7 11.cxd5 cxd5 12.Qb3 e6 13.e4 e5 14.exd5 exd4 15.Ba3 Rd8
16.Rfe1 dxc3 17.d6 Qf5 18.Bd5 Bd4 19.Kh1 Bd7 20.Rad1 Bg7 21.Kg1 Bc6 22.Bxc6 bxc6
23.Qc4 Rab8 24.Qxc6 Qa5 25.Qc5 Rb5 26.Qc7 Bf6 27.Bc1 Qxa2 28.Bh6 Qa5 29.d7 Be5
30.Qc6 Rbb8 31.Qe4 Bg7 32.Qe8+ Bf8 33.Bxf8 Qb5 34.Qe7 c2 35.Rc1 Rxd7 36.Qc5 Qxc5
37.Bxc5 Rc8 38.Rxc2 Rdc7 39.Rec1 a5 40.Rc3 a4 41.Bd4 Rxc3 42.Rxc3 Ra8 43.Ra3 f5
44.Kg2 Kf7 45.Kf3 Ke6 46.Kf4 Kd5 47.Ba1 Kc4 48.Be5 Kb5 49.Kg5 Rd8 50.h4 Kb4
51.Ra1 Kb3 52.Kh6 Rd7 53.Bg7 f4 54.Kxh7 f3 55.Kxg6 Rd2 56.Rf1 a3 57.h5  1-0

[Event "4th London Classic Open"]
[Site "London ENG"]
[Date "2012.12.03"]
[Round "3"]
[White "Stephan,Ax"]
[Black "Burke,J"]
[Result "1-0"]
[WhiteElo "2233"]
[BlackElo "2068"]

1.Nf3 d5 2.g3 Nc6 3.d4 Nf6 4.Bg2 Bf5 5.c3 e6 6.b4 a6 7.a4 Be7 8.Nbd2 Ne4
9.Qb3 O-O 10.e3 Qd7 11.Ba3 b5 12.Bb2 f6 13.O-O Kh8 14.Ra2 Bd6 15.Rfa1 Rab8
16.axb5 axb5 17.Ra6 Ne7 18.Qd1 Bg4 19.Qc2 Bf5 20.Qd1 Bg4 21.Qc2 Bf5 22.Qc1 Qe8
23.Nh4 Nxd2 24.Qxd2 Bg4 25.Qc2 g5 26.Nf3 Qh5 27.Nd2 Bh3 28.Bf3 Bg4 29.Bh1 Bf5
30.e4 Bg6 31.Re1 Nc8 32.Qb3 Nb6 33.Ra5 c6 34.Ra7 Rf7 35.Qa2 Na4 36.Ra6 Rc8
37.Ba1 f5 38.exd5 exd5 39.Bf3 g4 40.Bg2 f4 41.gxf4 Bxf4 42.Nf1 Qg5 43.c4 Bd3
44.cxd5 Bc4 45.Qc2 Bxd5 46.Re5 Bxe5 47.dxe5 Be6 48.Rxc6 Rxc6 49.Qxc6 Qf5
50.Kh1 Kg8 51.Qxb5 Bd7 52.Qb8+ Rf8 53.Qd6 Be6 54.Bd4 Qf7 55.Bc6 Rc8 56.Bxa4 Bc4
57.Ne3 Ba6 58.b5 Rf8  1-0

[Event "4th London Classic Open"]
[Site "London ENG"]
[Date "2012.12.03"]
[Round "3"]
[White "Kocwin,B"]
[Black "Siddharth,Gopakumar"]
[Result "1-0"]
[WhiteElo "2226"]
[BlackElo "2054"]

1.Nf3 d5 2.g3 g6 3.Bg2 Bg7 4.O-O Nf6 5.d3 O-O 6.Nbd2 Re8 7.e4 dxe4 8.dxe4 e5
9.Re1 Bg4 10.h3 Bxf3 11.Qxf3 Nc6 12.c3 Qe7 13.Qe2 a6 14.Nb3 Nd8 15.a4 Ne6
16.Be3 Red8 17.Na5 c5 18.Nc4 Qc7 19.a5 Nd7 20.Ra3 b5 21.axb6 Nxb6 22.Rea1 Nxc4
23.Qxc4 Qb7 24.Rb3 Qc6 25.Bf1 a5 26.Rb5 Rdb8 27.Raxa5 Rxa5 28.Rxb8+ Bf8 29.Qd5 Qc7
30.Rb7 Qc8 31.Bc4 Ra8 32.Rd7 Qe8 33.Kg2 Rc8 34.Bb5 Rd8 35.Rxd8 Qxd8 36.Qxe5 Qb6
37.Bd7 Qd6 38.Qxd6 Bxd6 39.Bxe6 fxe6 40.e5 Be7 41.Kf3 Kf7 42.Ke4 Ke8 43.Kd3 Kd7
44.Kc4 Kc6 45.b4  1-0

[Event "Doroshkevicha Mem Open 2012"]
[Site "Sochi RUS"]
[Date "2012.12.04"]
[Round "9"]
[White "Chashchev,S"]
[Black "Baraeva,M"]
[Result "1/2-1/2"]
[WhiteElo "2408"]
[BlackElo "2161"]

1.Nf3 d5 2.g3 Bg4 3.Bg2 Nd7 4.c4 e6 5.O-O c6 6.d3 Bd6 7.Nbd2 Ngf6 8.b3 O-O
9.Bb2 Qe7 10.a3 a5 11.Qb1 h6 12.Re1 e5 13.h3 Be6 14.e4 dxe4 15.dxe4 Rfd8
16.Qa2 a4 17.b4 b5 18.Rac1 c5 19.bxc5 Bxc5 20.Qa1 b4 21.axb4 Bxb4 22.Bc3 Bxc3
23.Qxc3 Qc5 24.Rc2 Ne8 25.Ra1 f6 26.Bf1 Nd6 27.Ne1 Qc6 28.Nd3 Nc5 29.Nxc5 Qxc5
30.Rca2 Qc6 31.Qc2 Bd7 32.c5 Rdc8 33.Rc1 Nb7 34.Bc4+ Be6 35.Rxa4 Rxa4 36.Bxe6+ Qxe6
37.Qxa4 Rxc5 38.Rxc5 Nxc5 39.Qa5 Qd6  1/2-1/2

[Event "Russia Cup Final 2012"]
[Site "Khanty-Mansiisk RUS"]
[Date "2012.12.05"]
[Round "1.2"]
[White "Maletin,P"]
[Black "Inarkiev,E"]
[Result "1/2-1/2"]
[WhiteElo "2567"]
[BlackElo "2693"]

1.Nf3 d5 2.g3 c6 3.Bg2 Bg4 4.c4 e6 5.cxd5 exd5 6.O-O Nf6 7.d3 Be7 8.h3 Bh5
9.Nc3 Nbd7 10.e4 dxe4 11.dxe4 Nc5 12.Be3 O-O 13.g4 Bg6 14.Ne5 Qc7 15.Nxg6 hxg6
16.f4 Rfe8 17.e5 Nfd7 18.b4 Ne6 19.Rc1 Bxb4 20.Nd5 Qa5 21.Nxb4 Qxb4 22.Rb1 Qa3
23.Rb3 Qxa2 24.Rxb7 Ndc5 25.Rb1 Rad8 26.Qf3 Nb3 27.Qf2 Qxf2+ 28.Rxf2 Rd3
29.Bxa7 c5 30.Rfb2 c4 31.Bf1 Nxf4 32.Bxd3 Nxd3 33.Rxb3 cxb3 34.Rxb3 Nf4 35.Be3 Nd5
36.Bd4 g5 37.Kf2 Nf4 38.Be3 Ne6 39.Rb7 Rc8 40.Ra7 Rc3 41.Ra5 Rb3 42.Rd5 Kh7
43.Ra5 Kg6 44.Rd5 Rc3 45.Ra5 Nc7 46.Rc5 Rxc5 47.Bxc5 Ne6 48.Bd6 Nf4  1/2-1/2

[Event "5th Kolkata Open"]
[Site "Kolkata IND"]
[Date "2012.12.05"]
[Round "3"]
[White "Anurag,M"]
[Black "Lalith,B"]
[Result "1-0"]
[WhiteElo "2370"]
[BlackElo "2526"]

1.Nf3 d5 2.g3 Nf6 3.Bg2 c6 4.b3 Bg4 5.Bb2 Nbd7 6.c4 e6 7.O-O a5 8.Nc3 Bd6
9.d3 O-O 10.h3 Bh5 11.e4 d4 12.Ne2 Bxf3 13.Bxf3 e5 14.Bg2 a4 15.f4 Qb6 16.Rb1 Rfe8
17.b4 Qxb4 18.Bxd4 Qa3 19.Bb2 Qxa2 20.Qd2 a3 21.Nc3 Bb4 22.Qd1 Qxb2 23.Rxb2 axb2
24.Qb3 Bc5+ 25.Kh2 Bd4 26.Ne2 Nc5 27.Qc2 Red8 28.Nxd4 exd4 29.e5 Nfd7 30.Qxb2 Nxd3
31.Qxb7 Rac8 32.Rd1 N7c5 33.Qb6 Na4 34.Qa5 Ndb2 35.Ra1 Nc3 36.c5 Nc4 37.Qa6 Ne3
38.Bxc6 d3 39.Bd7 Rxc5 40.Qb6  1-0

[Event "4th London Classic Open"]
[Site "London ENG"]
[Date "2012.12.05"]
[Round "5.6"]
[White "Hawkins,Jo"]
[Black "Houska,Jo"]
[Result "1/2-1/2"]
[WhiteElo "2507"]
[BlackElo "2396"]

1.Nf3 d5 2.g3 c6 3.Bg2 Bf5 4.O-O e6 5.d3 Be7 6.Nfd2 Nf6 7.e4 Bg6 8.Nc3 O-O
9.h3 e5 10.Qe2 dxe4 11.dxe4 Qc7 12.a4 Nbd7 13.Nc4 Bc5 14.Be3 Rfd8 15.Rfd1 b6
16.f3 Ne8 17.Rd2 Bxe3+ 18.Qxe3 Nc5 19.a5 Nd7 20.Rad1 bxa5 21.Ra1 Nb6 22.Nxa5 Rxd2
23.Qxd2 Nd6 24.Bf1 f5 25.Rd1 Nf7 26.Qf2 fxe4 27.Nxe4 Nd5 28.Qc5 Ne7 29.Bc4 h6
30.Rd6 Bxe4 31.fxe4 Rd8 32.Rxd8+ Qxd8 33.Qf2 Qxa5 34.Qxf7+ Kh7 35.Qxe7 Qe1+
36.Bf1 Qxg3+ 37.Bg2 Qe3+ 38.Kf1 Qc1+ 39.Kf2 Qd2+ 40.Kf3 Qf4+ 41.Ke2 Qh2 42.Kf2 Qf4+
43.Bf3 Qd2+ 44.Kg3 Qf4+ 45.Kg2 Qd2+ 46.Kg3  1/2-1/2

[Event "33rd Crespi Memorial"]
[Site "Milan ITA"]
[Date "2012.12.06"]
[Round "7.8"]
[White "Trella,T"]
[Black "Moroni,L"]
[Result "1-0"]
[WhiteElo "2404"]
[BlackElo "2114"]

1.Nf3 d5 2.g3 e6 3.Bg2 Nf6 4.c4 dxc4 5.Qc2 a6 6.a4 Nbd7 7.Qxc4 b5 8.Qc2 Bb7
9.O-O c5 10.d3 Be7 11.Nc3 Bc6 12.b3 O-O 13.e4 Qc7 14.Rd1 Rfd8 15.h3 Qb7 16.Rb1 Rac8
17.Qe2 b4 18.Na2 a5 19.Be3 Qa6 20.Nc1 Bb7 21.Qc2 Qa8 22.Qb2 Nb8 23.Ne2 Nfd7
24.Nd2 Qa6 25.Nc4 Nc6 26.h4 Nb6 27.f3 Nxc4 28.dxc4 Bf6 29.Qc2 Qb6 30.Kh2 Qa7
31.Kh1 Bd4 32.Bxd4 Nxd4 33.Nxd4 Rxd4 34.Rxd4 cxd4 35.e5 Rd8 36.Qe2 Qa8 37.Rd1 Kf8
38.Rd3 Ke7 39.Kg1 f5 40.Kf1 Kf7 41.Qd2 Qa7 42.Qf4 Qc5 43.g4 g6 44.Qg5 Qe7
45.Qxe7+ Kxe7 46.g5 Rd7 47.Ke2 h6 48.gxh6 Kf7 49.Rd2 Kf8 50.Kd3 Rh7 51.Kxd4 Rxh6
52.Kc5 Ke7 53.Kb6 Ba8 54.f4 Bxg2 55.Rxg2 Rxh4 56.c5 g5 57.Rxg5 Rh1 58.c6 Rc1  1-0

[Event "12th Porec Open"]
[Site "Porec CRO"]
[Date "2012.12.06"]
[Round "1.6"]
[White "Kukurin,Luka"]
[Black "Ostovic,M"]
[Result "0-1"]
[WhiteElo "1802"]
[BlackElo "2282"]

1.g3 d5 2.Nf3 Nf6 3.Bg2 c5 4.c4 Nc6 5.cxd5 Nxd5 6.O-O g6 7.d4 cxd4 8.Nxd4 Bg7
9.Nxc6 bxc6 10.Qa4 Bd7 11.e4 c5 12.Qc4 Nb6 13.Qxc5 Na4 14.Qd5 Rb8 15.Na3 e6
16.Qd3 O-O 17.Rb1 Qe7 18.Bf4 e5 19.Bc1 Rfd8 20.Qe3 Be6 21.b3 Nc5 22.Qe2 Nd3
23.Nc2 Rbc8 24.Ba3 Qc7 25.Nb4 Bf8 26.Nxd3 Bxa3 27.Rfd1 Rd4 28.Rd2 Rcd8 29.Rbd1 Bc8
30.Ne1 Ba6 31.Qe3 Bc5 32.Rxd4 Bxd4 33.Qc1 Qd6 34.Bf3 Rc8 35.Qd2 Qf6 36.Bg4 Rc3
37.h4 Rxg3+  0-1

[Event "Russia Cup Final Women 2012"]
[Site "Khanty-Mansiisk RUS"]
[Date "2012.12.07"]
[Round "2.4"]
[White "Kovanova,B"]
[Black "Goryachkina,A"]
[Result "0-1"]
[WhiteElo "2378"]
[BlackElo "2397"]

1.Nf3 d5 2.g3 c6 3.Bg2 Bg4 4.O-O Nd7 5.d3 Ngf6 6.Nbd2 e5 7.h3 Bh5 8.e4 dxe4
9.dxe4 Bc5 10.Qe1 O-O 11.Nh4 Re8 12.a4 a5 13.Nc4 Qc7 14.Bd2 b6 15.Bc3 Nf8
16.Kh1 N6d7 17.f4 f6 18.b3 Bf7 19.Qe2 Ne6 20.fxe5 Nxe5 21.Nxe5 fxe5 22.Nf5 Nd4
23.Qg4 Be6 24.Qg5 Kh8 25.h4 Rf8 26.Rad1 Rad8 27.h5 Bxf5 28.exf5 Be7 29.Qg4 Nxc2
30.h6 Bf6 31.Qe4 Nd4 32.g4 gxh6 33.Rd3 Qg7 34.Bd2 Rg8 35.Bh3 Nxb3 36.Rxb3 Rxd2
37.Qxc6 Rf8 38.Rxb6 Qd7 39.Qc3 Qd5+ 40.Rf3 Rd1+ 41.Kh2 Qd2+ 42.Bg2 Qxc3 43.Rxc3 e4
44.Rcc6 Be5+ 45.Kh3 Rd3+ 46.Kh4 Rg3 47.Bh3 Rc3 48.Rxh6 Bg3+ 49.Kg5 Bf2 50.Rbf6 Be3+
51.Kh4 Bf2+ 52.Kg5 Be3+ 53.Kh5 Bxh6  0-1

[Event "Russia Cup Final Women 2012"]
[Site "Khanty-Mansiisk RUS"]
[Date "2012.12.07"]
[Round "2.2"]
[White "Kovanova,B"]
[Black "Goryachkina,A"]
[Result "1/2-1/2"]
[WhiteElo "2378"]
[BlackElo "2397"]

1.Nf3 d5 2.g3 c6 3.Bg2 Bg4 4.O-O Nd7 5.d3 Ngf6 6.Nbd2 e5 7.h3 Bh5 8.e4 dxe4
9.dxe4 Bc5 10.Qe1 O-O 11.Nh4 Re8 12.a4 a5 13.Nc4 Qc7 14.Bd2 b6 15.Bc3 Nf8
16.Kh1 N6d7 17.f4 exf4 18.gxf4 f6 19.Qg3 Be2 20.Nf5 Ng6 21.b3 Bxf1 22.Rxf1 b5
23.axb5 cxb5 24.e5 bxc4 25.Nxg7 Kxg7 26.exf6+ Nxf6 27.Bxf6+ Kxf6 28.Qc3+ Kf7
29.Bd5+ Ke7 30.Bxa8 Rxa8 31.Qg7+ Kd8 32.Qg8+ Kd7 33.Qxa8 Nxf4 34.Qe4 Bd6
35.Qxh7+ Kc6 36.Qe4+ Kb6 37.Rf3 Ka7 38.Qd4+ Ka6 39.Qe4 Ka7 40.Qd4+ Ka6 41.Qe4 Ka7  1/2-1/2

[Event "Russia Cup Final 2012"]
[Site "Khanty-Mansiisk RUS"]
[Date "2012.12.07"]
[Round "2.2"]
[White "Kokarev,Dm"]
[Black "Khismatullin,D"]
[Result "0-1"]
[WhiteElo "2623"]
[BlackElo "2647"]

1.g3 d5 2.Nf3 Nf6 3.Bg2 g6 4.c4 c6 5.Qa4 dxc4 6.Qxc4 Bg7 7.O-O O-O 8.d3 Qd5
9.Qb4 Re8 10.Nc3 Qd6 11.Qh4 e5 12.Bg5 Nbd7 13.Rfd1 Qf8 14.Nd2 h6 15.Be3 Nh7
16.Qc4 Ng5 17.Bxg5 hxg5 18.b4 Nb6 19.Qc5 Qxc5 20.bxc5 Nd7 21.Nb3 Bf8 22.Na4 Rb8
23.Rab1 Be7 24.Rd2 Kg7 25.Rdb2 Bd8 26.Nd2 Bc7 27.Ne4 g4 28.Nd6 Bxd6 29.cxd6 Re6
30.Bxc6 b6 31.Bg2 Rxd6 32.Rc1 Rd4 33.Nc3 Nf6 34.Rb5 Bd7 35.Rxe5 Rc8 36.Kf1 b5
37.a3 Ra4 38.d4 Rxd4 39.Ke1 Ra4 40.Na2 Rxc1+ 41.Nxc1 Rxa3 42.Nd3 a5 43.Nc5 Be8
44.Nb7 Ra1+ 45.Kd2 Rg1 46.Bd5 Nxd5 47.Rxe8 a4 48.Ra8 b4 49.Nc5 b3 50.Rb8 Ra1
51.f3 Ra2+ 52.Kd3 b2 53.Nxa4 Rxa4 54.Rxb2 Ra3+ 55.Ke4 Nf6+ 56.Kf4 Ra5 57.fxg4 Ra4+
58.Kf3 Nxg4 59.Kg2 Kf6 60.Rb6+ Kf5 61.Rb5+ Ne5 62.Rb2 Ke4 63.Kf2 Ng4+ 64.Kg2 Ne3+
65.Kh3 Kf5 66.Rb3 Re4 67.Rb7 Ke5  0-1

[Event "5th Kolkata Open"]
[Site "Kolkata IND"]
[Date "2012.12.07"]
[Round "5"]
[White "Venkatesh,M"]
[Black "Ni Hua"]
[Result "1/2-1/2"]
[WhiteElo "2520"]
[BlackElo "2660"]

1.Nf3 d5 2.g3 c6 3.Bg2 Bg4 4.d3 Nf6 5.Nbd2 Nbd7 6.O-O e5 7.e4 Bd6 8.h3 Bh5
9.exd5 cxd5 10.c4 O-O 11.cxd5 Nxd5 12.Qb3 N5f6 13.Nc4 Nc5 14.Qa3 Bxf3 15.Bxf3 Be7
16.Nxe5 a5 17.Qc3 Rc8 18.Qe1 Re8 19.Be3 Nd5 20.d4 Ne6 21.Rc1 Rxc1 22.Qxc1 Bf6
23.Bxd5 Qxd5 24.Qc4 Qe4 25.Qb5 Rd8 26.Qxa5 Nxd4 27.Bxd4  1/2-1/2

[Event "4th London Classic Open"]
[Site "London ENG"]
[Date "2012.12.07"]
[Round "7"]
[White "Chapman,T"]
[Black "Varnam,L"]
[Result "1-0"]
[WhiteElo "2279"]
[BlackElo "2140"]

1.Nf3 d5 2.g3 Nf6 3.Bg2 c6 4.c4 dxc4 5.O-O g6 6.a4 Bg7 7.Na3 O-O 8.Nxc4 Na6
9.b3 Nd7 10.d4 Nb6 11.Nce5 c5 12.Bb2 cxd4 13.Bxd4 f6 14.Bxb6 Qxb6 15.Nd7 Bxd7
16.Qxd7 Rad8 17.Qb5 f5 18.Ra2 Nc5 19.Qxb6 axb6 20.Nd2 Rd4 21.Nc4 Nxb3 22.Nxb6 Nd2
23.Rc1 Ne4 24.Bxe4 Rxe4 25.Rc7 Rb8 26.a5 Bf8 27.Nd7 Ra8 28.Rxb7 Re6 29.Rb8 Rea6
30.Rxa8 Rxa8 31.a6 Ra7 32.Nb6 e6 33.Nc8 Ra8 34.Nb6 Ra7 35.e3 Bc5 36.Nc4 Kf8
37.Kf1 Ke7 38.Ke2 Kd7 39.Kd3 Kc6 40.Kc3 Kb5 41.Ra5+ Kc6 42.Ne5+ Kb6 43.Nc4+ Kc6
44.h4 Be7 45.Ne5+ Kb6 46.Nc4+ Kc6 47.Ra2 Bc5 48.Ne5+ Kb5 49.Nd3 Be7 50.Rb2+ Kxa6
51.Ra2+ Kb7 52.Rxa7+ Kxa7 53.Kd4 Bf6+ 54.Kc5 e5 55.f3 g5 56.h5 e4 57.fxe4 fxe4
58.Nf2 Bd8 59.Kd5 Bb6 60.Kxe4 Kb7 61.Nh3 h6 62.Nxg5 hxg5 63.h6 Ba5 64.Kf5 Kc6
65.Kxg5 Kd5 66.Kf5 Bc3 67.g4 Kd6 68.e4 Ke7 69.g5 Kf7 70.e5 Bb4 71.g6+ Kf8
72.Ke6 Bd2 73.h7 Kg7 74.h8=Q+ Kxh8 75.Kf7 Bh6 76.e6 Bf8 77.e7 Bxe7 78.g7+  1-0

[Event "12th Porec Open"]
[Site "Porec CRO"]
[Date "2012.12.07"]
[Round "4.3"]
[White "Fercec,N"]
[Black "Zufic,M"]
[Result "1/2-1/2"]
[WhiteElo "2489"]
[BlackElo "2420"]

1.Nf3 d5 2.g3 Nf6 3.Bg2 c6 4.O-O g6 5.b3 Bg7 6.Bb2 O-O 7.d3 Bg4 8.Nbd2 Nbd7
9.h3 Bxf3 10.Nxf3 Ne8  1/2-1/2

[Event "Lleida IM Closed 2012"]
[Site "Lleida ESP"]
[Date "2012.12.08"]
[Round "4.4"]
[White "Barbero Senidic,A"]
[Black "Martinez Lopez,I"]
[Result "1/2-1/2"]
[WhiteElo "2348"]
[BlackElo "2284"]

1.g3 d5 2.Nf3 Nf6 3.Bg2 e6 4.O-O Be7 5.d3 O-O 6.Nbd2 b6 7.e4 Bb7 8.e5 Nfd7
9.Re1 c5 10.h4 Nc6 11.Nf1 Qc7 12.Bf4 b5 13.h5 d4 14.N1h2 Nb6 15.Ng4 Nd5 16.Bg5 Bxg5
17.Nxg5 h6 18.Ne4 Nxe5 19.Nxe5 Qxe5 20.Nxc5 Qc7 21.Nxb7 Qxb7 22.Qg4 Rac8
23.Rac1 Qb6 24.Bxd5 exd5 25.Re7 Qa5 26.Qxd4 Qd2 27.Rf1 Rxc2 28.Rxa7 Rxb2
29.Qxd5 Qe2 30.a3 b4 31.axb4 Rxb4 32.Rc1 Rb2 33.Rxf7 Rxf7 34.Rc8+ Kh7 35.Qxf7 Rb1+
36.Kh2 Rh1+ 37.Kxh1 Qf1+ 38.Kh2 Qg2+  1/2-1/2

[Event "XVIII Navalmoral Open"]
[Site "Navalmoral de la Mata ESP"]
[Date "2012.12.08"]
[Round "6.1"]
[White "Matamoros Franco,C"]
[Black "Ibarra Jerez,JC"]
[Result "1/2-1/2"]
[WhiteElo "2519"]
[BlackElo "2535"]

1.Nf3 d5 2.g3 Nf6 3.Bg2 Bg4 4.c4 c6 5.Ne5 Be6 6.cxd5 Bxd5 7.Nf3 c5 8.Nc3 Bc6
9.O-O Nbd7 10.d3 e6 11.e4 b5 12.a3 Be7 13.Qe2 b4 14.Nd1 bxa3 15.bxa3 c4 16.dxc4 Bxe4
17.Nc3 Bc6 18.Bf4 a6 19.Rfd1 Qa5 20.Bd2 Qc7 21.Bf4 Qa5 22.Bd2 Qc7 23.Bf4 Qa5  1/2-1/2

[Event "TCh-CZE Div1 Vychod 2012-13"]
[Site "Czech Republic CZE"]
[Date "2012.12.09"]
[Round "4.4"]
[White "Rubal,A"]
[Black "Beil,Z"]
[Result "0-1"]
[WhiteElo "2245"]
[BlackElo "2253"]

1.Nf3 d5 2.g3 Nf6 3.Bg2 c6 4.O-O Bg4 5.c4 e6 6.Ne5 Bh5 7.d4 Nbd7 8.Nc3 Nxe5
9.dxe5 Nd7 10.cxd5 cxd5 11.Nxd5 exd5 12.Qxd5 Be7 13.e6 Nf6 14.Qxb7 Rb8 15.Qc6+ Kf8
16.Bf4 Bxe2 17.Bxb8 Bxf1 18.Bxf1 Qxb8 19.Bc4 g6 20.exf7 Qe5 21.Qa8+ Kg7 22.Qxa7 Rf8
23.Rf1 Bc5 24.Qa4 Ne4 25.Qc2 Qd4 26.Rd1 Qxf2+ 27.Qxf2 Nxf2 28.Rd5 Ne4+ 29.Kg2 Rc8
30.b3 Nd6 31.Be2 Kxf7 32.Bf3 Rc7 33.a4 Nf5 34.Rd3 Kf6 35.Kf1 h5 36.Ke2 Bb4
37.Kd1 Re7 38.Be2 Re4 39.Rd8 Nd4  0-1

[Event "5th Kolkata Open"]
[Site "Kolkata IND"]
[Date "2012.12.09"]
[Round "7"]
[White "Venkatesh,M"]
[Black "Oleksienko,M"]
[Result "0-1"]
[WhiteElo "2520"]
[BlackElo "2573"]

1.Nf3 d5 2.g3 c6 3.Bg2 Bg4 4.c4 e6 5.cxd5 exd5 6.d3 Nf6 7.O-O Nbd7 8.h3 Bh5
9.Nc3 Be7 10.e4 dxe4 11.dxe4 Nc5 12.e5 Qxd1 13.Rxd1 Nfd7 14.g4 Bg6 15.Nd4 Nd3
16.f4 Bc5 17.Ne2 O-O-O 18.Kf1 Bxd4 19.Nxd4 N7xe5 20.Ne2 Nxc1 21.Raxc1 Rxd1+
22.Rxd1 Nc4 23.Kf2 f6 24.b3 Nb2 25.Rd4 Nd3+ 26.Kf1 Rd8 27.Rc4 Kc7 28.h4 h6
29.h5 Bf7 30.Re4 a5 31.Bh3 Re8 32.Rd4 Re3 33.Bg2 Be6 34.Be4 c5 35.Rxd3 Rxe4
36.Rg3 c4 37.g5 cxb3 38.axb3 fxg5 39.fxg5 Bg4 40.Nc3 Rf4+ 41.Ke1 Kc6 42.gxh6 gxh6
43.Kd2 Bxh5 44.Rh3 Rf5 45.Ne4 Kc7 46.Ng3 Rf2+ 47.Kc1 Bf7 48.Ne4 Rf4 49.Nc3 h5
50.Kb2 h4 51.Rxh4  0-1

[Event "4th London Chess Classic"]
[Site "London ENG"]
[Date "2012.12.09"]
[Round "8.2"]
[White "Aronian,L"]
[Black "Adams,Mi"]
[Result "1/2-1/2"]
[WhiteElo "2815"]
[BlackElo "2710"]

1.Nf3 d5 2.g3 c6 3.Bg2 Bg4 4.O-O Nd7 5.d3 e6 6.Nbd2 Bd6 7.e4 Ne7 8.Re1 O-O
9.d4 a5 10.a4 Rc8 11.c3 Bh5 12.Qe2 Re8 13.Qf1 Bb8 14.b3 dxe4 15.Nxe4 Nd5
16.Bb2 e5 17.Ned2 Bxf3 18.Bxf3 exd4 19.Rxe8+ Qxe8 20.cxd4 Bd6 21.Re1 Qd8
22.Nc4 Bb4 23.Re2 N7f6 24.Qc1 Qc7 25.Kg2 Rd8 26.Qc2 h6 27.Ne3 Bf8 28.Nf5 Qd7
29.Re5 g6 30.Nh4 Bg7 31.Ba3 Nb4 32.Qe2 Qxd4 33.Re7 Rd7 34.Rxd7 Qxd7 35.Bxb4 axb4
36.Qd1 Nd5 37.Be2 Bf6 38.Nf3 Kg7 39.Qd2 Bc3 40.Qc2 Qg4 41.Qc1 Qe4 42.Qd1 Bf6
43.Bc4 Nb6 44.Bf1 Bc3 45.h3 Qe7 46.Bd3 Qe6 47.Bf1 Bf6 48.Qc2 Qd5 49.Bd3 Bc3
50.h4 Qe6 51.h5 g5 52.Bf5 Qd5 53.Be4 Qd6 54.Bd3 Qd5 55.Be4 Qd6 56.Bd3 Nd7
57.Bc4 Nf6 58.Qe2 b6 59.Nh2 b5 60.axb5 cxb5 61.Bxb5 Qd5+ 62.Kg1 Qxb3 63.Bc4 Qb1+
64.Nf1 Qe1 65.Qxe1 Bxe1 66.Ne3 Ne4 67.Nf5+ Kf8 68.Nxh6 Bxf2+ 69.Kg2 Nd6 70.Bd3 Bd4
71.Nf5 Nxf5 72.Bxf5 Kg7 73.Bc2 g4 74.Bf5 b3 75.Bxg4 Kh6 76.Bf5 Kxh5 77.g4+ Kg5
78.Kf3 b2 79.Bb1 Be5 80.Bc2 Bd4 81.Bb1 Be5 82.Bc2 Bd4  1/2-1/2

[Event "22nd TCh-SLO 2012"]
[Site "Slovenia SLO"]
[Date "2012.12.09"]
[Round "9"]
[White "Markus,Rob"]
[Black "Beliavsky,A"]
[Result "1/2-1/2"]
[WhiteElo "2619"]
[BlackElo "2630"]

1.Nf3 d5 2.g3 c6 3.Bg2 Bg4 4.d3 Nd7 5.O-O Ngf6 6.Qe1 e5 7.e4 dxe4 8.dxe4 Bc5
9.Nbd2 O-O 10.h3 Bh5 11.Nc4 Re8 12.a4 Nb6 13.Na5 Qc7 14.Nh4 Nfd7 15.Nb3 Bf8
16.a5 Nc8 17.Qc3 f6 18.Nf5 Nd6 19.Nxd6 Bxd6 20.Be3 Nf8 21.Nc5 Bxc5 22.Bxc5 Ne6
23.f3 Nxc5 24.Qxc5 b6 25.axb6 axb6 26.Qc3 c5 27.Rxa8 Rxa8 28.Rd1 Rd8 29.Rxd8+ Qxd8
30.Bf1 Bf7  1/2-1/2

[Event "Bundesliga 2012-13"]
[Site "Wattenscheid GER"]
[Date "2012.12.09"]
[Round "6"]
[White "Gasthofer,A"]
[Black "Handke,F"]
[Result "1/2-1/2"]
[WhiteElo "2441"]
[BlackElo "2556"]

1.Nf3 d5 2.g3 Bg4 3.Bg2 Nd7 4.d4 e6 5.O-O Ngf6 6.Nbd2 Be7 7.Re1 O-O 8.e4 c6
9.c3 Rc8 10.a4 a5 11.Qb3 dxe4 12.Nxe4 Nxe4 13.Rxe4 Bf5 14.Re1 Qb6 15.Nd2 Rfd8
16.Bf1 Bf8 17.Qa2 Qa7 18.Nc4 h6 19.Be3 b6 20.Qb3 Bg6 21.Bg2 Bd3 22.Rad1 Bxc4
23.Qxc4 Nf6 24.Qe2  1/2-1/2

[Event "Bundesliga 2012-13"]
[Site "Wattenscheid GER"]
[Date "2012.12.09"]
[Round "6"]
[White "Miroshnichenko,E"]
[Black "Rustemov,A"]
[Result "0-1"]
[WhiteElo "2628"]
[BlackElo "2544"]

1.Nf3 d5 2.g3 Nf6 3.Bg2 g6 4.O-O Bg7 5.c4 O-O 6.cxd5 Nxd5 7.Nc3 Nc6 8.Qb3 Nb6
9.d3 Be6 10.Qb5 Bd7 11.Qc5 a5 12.Be3 a4 13.Rac1 Re8 14.Qa3 e5 15.Bxb6 cxb6
16.Ne4 f5 17.Nd6 Bf8 18.Nxb7 Qf6 19.Qc3 Kg7 20.Nd2 Rac8 21.Nc4 Nd4 22.Qd2 f4
23.e3 f3 24.exd4 fxg2 25.Rfe1 exd4 26.Qf4 Qxf4 27.gxf4 Rxe1+ 28.Rxe1 b5 29.Nb6 Rc7
30.Nd8 Bh3 31.Ne6+ Bxe6 32.Rxe6 Rc2 33.Nd5 Rxb2 34.Rb6 Kf7 35.Kxg2 b4 36.Rf6+ Ke8
37.a3 bxa3 38.Ra6 Bc5 39.Rxa4 Kd7 40.Nf6+ Kc6 41.Ne4 Bb4 42.Kf3 a2 43.h4 Kb5
44.Ra8 Ba5 45.Rb8+ Kc6 46.Rxb2 a1=Q 47.Rc2+ Kb6  0-1

[Event "5th Kolkata Open"]
[Site "Kolkata IND"]
[Date "2012.12.10"]
[Round "8"]
[White "Adly,A"]
[Black "Vidit,S"]
[Result "1/2-1/2"]
[WhiteElo "2607"]
[BlackElo "2527"]

1.Nf3 d5 2.g3 g6 3.Bg2 Bg7 4.d4 Nf6 5.c4 c6 6.cxd5 cxd5 7.O-O O-O 8.Nc3 Ne4
9.Ng5 Nf6 10.Nf3 Ne4 11.Nd2 Nxd2 12.Qxd2 Nc6 13.e3 e6 14.b3 Qa5 15.Bb2 Bd7
16.Rfc1 Rfc8 17.Qd1 Ne7 18.a4 Nf5 19.Na2 Rxc1 20.Rxc1 Rc8 21.Rxc8+ Bxc8 22.Qc2 Bd7
23.Bf1 Bf8 24.Nc1 Qd8 25.Nd3 Qc8 26.Qd2 Qc7 27.Be2 Nd6 28.f3 Bh6 29.g4 Be8
30.Ba3 Bf8 31.Bb4 b6 32.Qd1 Bh6 33.Bd2 f5 34.Ne5 Nf7 35.Nxf7 Bxf7 36.f4 Bf8
37.b4 Be8 38.Kf2 Be7 39.Bd3 Bd6 40.Kg3 Qe7 41.b5 Bd7 42.h3 Kh8 43.Qc2 Kg8
44.a5 Qd8 45.axb6 axb6 46.Qa2 Qc7 47.Kf3 Kf8 48.Qa8+ Qc8 49.Qa1 Qd8 50.Be1 Be8
51.Bg3 Kg7 52.Qe1 Be7 53.Qc1 Bd6 54.Qh1 Bd7 55.Qa1 Be8 56.h4 Bd7 57.g5 Qc7
58.Be1 Be8 59.Bd2 Kf8 60.Ke2 Kg7 61.Bc3 Be7 62.Kd2 h5 63.gxh6+ Kxh6 64.Qa8 Qd8
65.Qb7 Bd6 66.Be2 Qc7 67.Qa8 Qb8 68.Qxb8 Bxb8 69.Bb4 Kg7 70.Be7 Bc7 71.Ke1 Kf7
72.Bg5 Kf8 73.Kf2 Bf7 74.Bf6 Ke8 75.Kg3 Kd7 76.h5 gxh5 77.Kh4 Bd6 78.Bxh5 Bxh5
79.Kxh5 Bb4 80.Bh4 Bd2 81.Bf2  1/2-1/2